Sports Quiz

Random Sports or Soccer Quiz

Teams with multiple League Cup wins Quiz Stats

 Plays Quiz not verified by Sporcle

Score 0/12 Timer 10:00
0 Plays Today
% Correct
Liverpool
97%
Manchester United
96.6%
Arsenal
94%
Tottenham Hotspur
90.6%
Chelsea
89.8%
Aston Villa
88.3%
Manchester City
84.2%
Nottingham Forest
77.1%
Leicester City
58.3%
Wolverhampton Wanderers
49.6%
Birmingham City
44.4%
Norwich City
29.3%

You're not logged in!

Compare scores with friends on all Sporcle quizzes.
OR
Log In

Show Comments

Extras

Top Quizzes Today


Score Distribution

Your Account Isn't Verified!

In order to create a playlist on Sporcle, you need to verify the email address you used during registration. Go to your Sporcle Settings to finish the process.

Report this User

Report this user for behavior that violates our Community Guidelines.

Details: